A Quiz About Africa - Statistics

General Stats
  • This quiz has been taken 23 times
  • The average score is 7 of 16
Answer Stats
Hint Answer % Correct
Largest city and economic hub of South Africa Johannesburg
87%
Tallest mountain in Africa, located in Tanzania Mount Kilimanjaro
83%
Libyan ruler whose regime faced NATO intervention in 2011 Muammar Gaddafi
83%
Ancient city in Mali known for historic mosques and libraries Timbuktu
74%
Capital city of Namibia Windhoek
74%
Massive limestone statue with a lion’s body and human head near Giza Sphinx
70%
Large semi-arid desert covering parts of Botswana, Namibia, and South Africa Kalahari
57%
Plastic horn popularized at 2010 FIFA World Cup in South Africa Vuvuzela
52%
African leader considered divine figure by Rastafari movement Haile Selassie
22%
Nigerian musician known for inventing and pioneering Afrobeat Fela Kuti
17%
Ghanaian midfielder who won 2011–12 Champions League with Chelsea Michael Essien
17%
Congolese leader assassinated in 1961 Patrice Lumumba
17%
North African stew slow-cooked in a conical clay pot Tagine
13%
Moroccan city famous for blue-painted streets Chefchaouen
9%
West African thumb piano with metal tines Mbira
4%
Ethiopian festival celebrating the finding of the True Cross Meskel
0%
No matching quizzes found
Score Distribution
Percent of People with Each Score
Percentile by Number Answered
Your Score History
You have not taken this quiz